| 000 | 00367nam a2200145Ia 4500 | ||
|---|---|---|---|
| 008 | 230917s9999||||xx |||||||||||||| ||und|| | ||
| 040 |
_e108038 _aMAIN |
||
| 041 | _aEnglish | ||
| 082 | _a294.6 A71I | ||
| 100 | _aSingh, Abinashi | ||
| 245 | 0 | _aIntroduction to Sikhism. V3 | |
| 260 |
_aAmritsar _bGagan Mai Thaal Intenational _c2003 |
||
| 300 | _a149 p. | ||
| 942 | _cBK | ||
| 999 |
_c82691 _d82691 |
||